Lý luận và thực tiễn về trưng cầu ý dân trên thế giới và ở Việt Nam : Sách chuyên khảo
Trình bày những vấn đề lý luận và pháp luật cơ bản về trưng cầu ý dân, gồm: khái niệm, lịch sử hình thành, vị trí, vai trò, nội dung trưng cầu ý dân,… Nghiên cứu pháp luật và thực tiễn về trưng cầu ý dân ở một số quốc gia trên th...
Đã lưu trong:
| Hovedforfatter: | |
|---|---|
| Format: | Bog |
| Sprog: | Undetermined |
| Udgivet: |
Hà Nội
Chính trị Quốc gia - Sự thật
2015
|
| Fag: | |
| Tags: |
Tilføj Tag
Ingen Tags, Vær først til at tagge denne postø!
|
| Thư viện lưu trữ: | Trung tâm Học liệu Trường Đại học Cần Thơ |
|---|
| LEADER | 01138nam a2200217Ia 4500 | ||
|---|---|---|---|
| 001 | CTU_218058 | ||
| 008 | 210402s9999 xx 000 0 und d | ||
| 020 | |c 76000 | ||
| 082 | |a 324 | ||
| 082 | |b T502 | ||
| 100 | |a Đặng, Minh Tuấn | ||
| 245 | 0 | |a Lý luận và thực tiễn về trưng cầu ý dân trên thế giới và ở Việt Nam : | |
| 245 | 0 | |b Sách chuyên khảo | |
| 245 | 0 | |c Đặng Minh Tuấn (Chủ biên) | |
| 260 | |a Hà Nội | ||
| 260 | |b Chính trị Quốc gia - Sự thật | ||
| 260 | |c 2015 | ||
| 520 | |a Trình bày những vấn đề lý luận và pháp luật cơ bản về trưng cầu ý dân, gồm: khái niệm, lịch sử hình thành, vị trí, vai trò, nội dung trưng cầu ý dân,… Nghiên cứu pháp luật và thực tiễn về trưng cầu ý dân ở một số quốc gia trên thế giới và ở Việt Nam. | ||
| 650 | |a Referendum,Trưng cầu dân ý | ||
| 904 | |i Nguyên | ||
| 980 | |a Trung tâm Học liệu Trường Đại học Cần Thơ | ||